00360nam a2200145Ia 4500003000500000008004100005020001800046040001900064082000700083100002800090245003700118260004000155300001000195365000900205STCL221019s9999 xx 000 0 und d a9780074639811 aSTCLcSTCLbEN 222 aYoung, Margaret Levine  0aInternet: the complete reference bTata Mcgraw - HillaNew Delhic2000 a956 p b2390